| 000 | 00431nam a2200169Ia 4500 | ||
|---|---|---|---|
| 008 | 130318s9999 xx 000 0 und d | ||
| 020 | _a8173713340 | ||
| 082 | _a658.306 FOW/W | ||
| 100 | _aFowler, Alan | ||
| 245 | _aWriting job description | ||
| 260 |
_bUniversities Press _aHyderabad _c2000 |
||
| 300 | _a71 | ||
| 440 | _aManagement Shapers | ||
| 650 | _aJOB DESCRIPTION | ||
| 650 | _aMANAGEMENT | ||
| 650 | _aPERSONNEL MANAGEMENT | ||
| 999 |
_c23 _d23 |
||